| 000 | 00695nam a2200193 a 4500 | ||
|---|---|---|---|
| 005 | 20210219154600.0 | ||
| 008 | 030901s1950 mx r 000 0 spa d | ||
| 035 | _aUPN01000128304 | ||
| 049 | _aCG | ||
| 050 | 4 |
_aD16.4 H2 _bP7.3 |
|
| 100 | 1 | _aPressoir, Catts | |
| 245 | 1 | 2 |
_aL'enseignement de l'histoire en Haiti / _cpar Catts Pressoir. |
| 260 |
_aMéxico : _bInstituto Panamericano de Geografía e Historia, _c1950. |
||
| 300 | _a83 p. | ||
| 440 | 2 | 0 |
_aInstituto Panamericano de Geografía e Historia. _pComisión de Historia ; _v16 |
| 440 | 0 |
_aMemorias sobre la enseñanza de la historia ; _v3. _pPublicación ; _v102 |
|
| 650 | 4 |
_aHISTORIA - _xESTUDIO Y ENSEÑANZA - _zHAITI |
|
| 905 | _aLibro | ||
| 999 |
_c100483 _d100483 |
||